000
00203 a2200097 4500
001
47448
100
_a
Rudel J
245
_a
Panorama of the arts
260
_a
London
_b
Harrap
_c
090
_c
30475
_d
30475
942
_a
NUST-CAE
_c
M
_c
22753
999
_c
282521
_d
282521